| 000 | 01297cam a2200361 a 4500 | ||
|---|---|---|---|
| 001 | 3261657 | ||
| 003 | OSt | ||
| 005 | 20230703162343.0 | ||
| 008 | 820112s1982 ctua b i001 0 eng | ||
| 010 | _a 81022566 | ||
| 020 | _a0313233942 (set) | ||
| 020 | _a0313233950 (lib. bdg. : v. 1) | ||
| 020 | _a0313233969 (lib. bdg. : v. 2) | ||
| 040 |
_aDLC _cDLC _dDLC _dOCoLC |
||
| 041 | 1 | _aengfre | |
| 050 | 0 | 0 |
_aK3240.6 _b.D5513 1982 |
| 082 | 0 | 0 |
_a341.48/1 _219 _bWAS |
| 130 | 0 |
_aDimensions internationales des droits de l'homme. _lEnglish |
|
| 245 | 1 | 4 |
_aThe International dimensions of human rights / _cKarel Vasak, general editor ; revised and edited for the English edition by Philip Alston. |
| 260 |
_aWestport, Conn. : _bGreenwood Press ; _aParis, France : _bUnesco, _c1982. |
||
| 300 |
_a2 v. (755 p.) : _b1 ill. ; _c25 cm. |
||
| 500 | _aTranslation of: Les dimensions internationales des droits de l'homme. | ||
| 500 | _aIllustrative matter on folded leaf in pocket at end of v. 2. | ||
| 500 | _aIncludes indexes. | ||
| 504 | _aBibliography: v. 2, p. [687]-738. | ||
| 650 | 0 | _aHuman rights. | |
| 650 | 0 | _aCivil rights. | |
| 700 | 1 | _aVasak, Karel. | |
| 700 | 1 | _aAlston, Philip. | |
| 710 | 2 | _aUnesco. | |
| 906 |
_a7 _bcbc _corignew _d1 _eocip _f19 _gy-gencatlg |
||
| 942 |
_2ddc _cBK |
||
| 999 |
_c3505 _d3505 |
||